| 000 | 00370nam a2200145Ia 4500 | ||
|---|---|---|---|
| 008 | 150201s2008 xx 000 0 und d | ||
| 082 |
_a616 _bE08T |
||
| 100 | _aTURNPENNY,PD | ||
| 245 | _aEMERY,S ELEMENTS OF MEDICAL GENETICS | ||
| 250 | _a13TH | ||
| 260 |
_bCHURCHILL _aDELHI _c2008 |
||
| 300 | _a1-423 | ||
| 650 | _aOTHER CLINICAL & NON CLINICAL BOOKS | ||
| 942 |
_2ddc _cBK |
||
| 999 |
_c417 _d417 |
||